| 000 | 00555nam a2200169Ia 4500 | ||
|---|---|---|---|
| 003 | SGT | ||
| 020 | _a9798173667007 | ||
| 082 |
_a5.8 _bEND |
||
| 100 | _aEndorf, Carl F. | ||
| 245 | _aSecured computing : a CISSP study guide | ||
| 250 | _a2nd Ed. | ||
| 260 |
_bShroff Publishers & Distributors Pvt. Ltd. _aNew Delhi _c2003 |
||
| 300 | _a538p. | ||
| 650 | _aCOMPUTER SCIENCE | ||
| 653 | _aACCESS CONTROL SYSTEM & METHODOLOGY,TELECOMMUNICATIONS & NETWORK SECURITY,SECURITY MANAGEMENT PRACTICES,CRYPTOGRAPHY,LAWS INVESTIGATIONS,AND ETHICS | ||
| 942 |
_2ddc _cBK |
||
| 999 |
_c5666 _d5666 |
||